| 000 | 00443nam a2200181Ia 4500 | ||
|---|---|---|---|
| 008 | 230524s9999 xx 000 0 und d | ||
| 020 | _a0195673905 | ||
| 082 |
_a658.81 _bPAN |
||
| 100 | _aTapan Kumar Panda | ||
| 245 | 0 | _aSales and Distribution Management | |
| 250 | _a6TH | ||
| 260 |
_aNEW DELHI _bOxford _c2009 |
||
| 300 | _aX;693 | ||
| 500 | _aQuantity Number: 22 | ||
| 650 | _aManagement | ||
| 700 | _a Sunil Sahadev | ||
| 942 | _cBK | ||
| 999 |
_c44995 _d44995 |
||